Từ điển ngữ pháp tiếng Nhật cơ bản

Shranjeno v:
Bibliografske podrobnosti
Glavni avtor: Seiichi Makino
Format: Knjiga
Jezik:Undetermined
Izdano: Tp. HCM Trẻ 1999
Teme:
Oznake: Označite
Brez oznak, prvi označite!
Thư viện lưu trữ: Trung tâm Học liệu Trường Đại học Cần Thơ
LEADER 00589nam a2200193Ia 4500
001 CTU_40509
008 210402s9999 xx 000 0 und d
020 |b 55.000đ 
082 |a 495.63 
082 |b M235 
100 |a Seiichi Makino 
245 0 |a Từ điển ngữ pháp tiếng Nhật cơ bản 
245 0 |c Seiichi Makino, Michio Tsutsui; Dịch giả: Nguyễn Văn Huệ 
260 |a Tp. HCM 
260 |b Trẻ 
260 |c 1999 
650 |a japanese language - grammar 
904 |i Minh, 010320 
980 |a Trung tâm Học liệu Trường Đại học Cần Thơ